000 01271nam a2200337 a 4500
001 4504074
003 NUST
005 20210701103049.0
008 971009s1993 pk a f000 0deng
010 _a 97930543
025 _aP-E-97930543; 07
038 _aArshad
040 _aDLC
_cDLC
042 _alcode
043 _aa-pk---
050 0 0 _aDS385.J5
_bQ29 1993
082 0 0 _a954.9042092
_bJIN
245 0 0 _aQuaid-e-Azam Mohammad Ali Jinnah :
_ban album of photographs.
260 _aIslamabad :
_bDirectorate General of Films & Publications, Ministry of Information & Broadcasting,
_c1993.
300 _axxxii, 263 p. :
_bill. ;
_c30 cm.
520 _aCollection of photographs of Mahomed Ali Jinnah, 1876-1948; arranged subjectwise.
563 _aHBK
600 1 0 _aJinnah, Mahomed Ali,
_d1876-1948
_xPictorial works.
_95514
650 0 _aStatesmen
_zPakistan
_xPictorial works.
_95515
710 1 _aPakistan.
_bDirectorate of Films & Publications.
_95516
906 _a7
_bcbc
_corigode
_d3
_encip
_f19
_gy-gencatlg
942 _2ddc
_cBK
999 _c331722
_d331722